00902cam a22002537i 4500999001500000001000600015003000900021005001700030008004100047020001800088020002200106040003700128082001900165100002100184245002800205264006000233300004100293504006700334600004300401650004000444654003500484942001200519952011700531 c2878d287820761BD-DhUAP20200229121145.0200229r20172014enkaceh b 001 0 eng d a9780714839622 a0714839620 (hbk.) aUKMGBbengerdacCNCCAdBD-DhUAP04223a720.92 MER1 aMertins, Detlef.10aMies /cDetlef Mertins. 1aNew York, NY :bPhaidon Press,cc2014 [Reprinted 2017]. a543 pages :billustrations ;c32 cm. aIncludes bibliographical references (pages 506-528) and index.10aMies van der Rohe, Ludwig,d1886-1969. 0aArchitecture, Moderny20th century.2 cfbGermanchaarchitects.2aat 2ddccBK 00102ddc4070aUAPCLbUAPCLcGeneral Stacksd2020-02-29o720.92 MERp3010020761r2020-02-29t1w2020-02-29yBK